Central Library OPAC University of Rajshahi

Commonwealth history of Massachusetts / (Record no. 28132)

MARC details
000 -LEADER
fixed length control field 01191nam a22002771 4500
001 - CONTROL NUMBER
control field 28132
003 - CONTROL NUMBER IDENTIFIER
rucl marc code BD-RjUL
005 - DATE AND TIME OF LATEST TRANSACTION
control field 20211209051237.0
008 - FIXED-LENGTH DATA ELEMENTS--GENERAL INFORMATION
fixed length control field 140329r19661930nyuabch b 001 0 eng
035 ## - SYSTEM CONTROL NUMBER
System control number (BD-RjUL)28213
040 ## - CATALOGING SOURCE
Original cataloging agency DLC
Transcribing agency DLC
Modifying agency DLC
-- BD-RjUL
Language of cataloging eng
041 ## - LANGUAGE CODE
Language code of text/sound track or separate title eng
082 00 - DEWEY DECIMAL CLASSIFICATION NUMBER
Classification number 974.4
Author mark and year COM V-5 1966
245 10 - TITLE STATEMENT
Title Commonwealth history of Massachusetts /
Statement of responsibility, etc. Edited by Albert Bushnell Hart.
Number of part/section of a work Volume Fifth :
Name of part/section of a work Twentieth century massahusetts [1889-1930].
260 ## - PUBLICATION, DISTRIBUTION, ETC. (IMPRINT)
Place of publication, distribution, etc. New York :
Name of publisher, distributor, etc. Russell & Russell,
Date of publication, distribution, etc. 1930 [Reissue 1966].
300 ## - PHYSICAL DESCRIPTION
Pagination xx, 808 p. :
Illustrations ill. :
Size 22 cm.
500 ## - GENERAL NOTE
General note Half title: Commonwealth history of Massachusetts; colony, province, and state.
General note "First published in 1927."
504 ## - BIBLIOGRAPHY, ETC. NOTE
Bibliography, etc Includes bibliographies & Index.
505 0# - FORMATTED CONTENTS NOTE
Formatted contents note v. 1. Colony of Massachusetts Bay, 1605 689.--v. 2. Province of Massachusetts, 1689-1775.--v. 3. Commonwealth of Massachusetts, 1775-1820.--v. 4. Nineteenth century Massachusetts, 1820-1889.--v. 5. Twentieth century Massachusetts, 1889-1930.
651 #0 - SUBJECT ADDED ENTRY--GEOGRAPHIC NAME
Geographic name Massachusetts
General subdivision History.
9 (RLIN) 74624
700 1# - ADDED ENTRY--PERSONAL NAME
Personal name Hart, Albert Bushnell, ed.
942 ## - ADDED ENTRY ELEMENTS (KOHA)
Source of classification or shelving scheme Dewey Decimal Classification
Koha item type Books
Holdings
Lost status Source of classification or shelving scheme Damaged status Not for loan Collection code Permanent Location Current Location Shelving location Date acquired Source of acquisition Cost, normal purchase price Total Checkouts Full call number Date last seen Copy number Koha item type
  Dewey Decimal Classification     Non-fiction Central Library, University of Rajshahi Central Library, University of Rajshahi Reading Room 23/07/1985 Asia Fundation Gift 0.00   974.4 COM V-5 1966 29/03/2014 C-1 Books
  Dewey Decimal Classification     Non-fiction Central Library, University of Rajshahi Central Library, University of Rajshahi   19/08/1988 Asia Foundation, Gift.     974.4 COM V-5 1966 31/03/2014 C-2 Books